| 000 | 00477nam a2200181Ia 4500 | ||
|---|---|---|---|
| 003 | GCL | ||
| 008 | 140319s9999 xx 000 0 eng d | ||
| 040 |
_aGCL / _cGCL |
||
| 082 | 0 | 4 |
_a709.5 _bB N |
| 100 | 1 | _aBERGER, CATHERINE | |
| 245 | 1 | 0 |
_aMONGOLIA: THE LEGACY OF CHINGGIS KHAN / _cBERGER, CATHERINE |
| 700 | 1 | _aBERGER, PATRICIA | |
| 260 |
_a[S.N] : _bTHAMES AND HUDSON ، _c1995 |
||
| 300 | _a339 P | ||
| 650 | 0 | 4 | _aASIAN ART |
| 650 | 0 | 4 | _aMONGOLIA ART |
| 942 |
_2ddc _cBK |
||
| 999 |
_c25699 _d25699 |
||